Diario de guerra : diciembre de 1956-febrero de 1957 /

Reporte de las actividades militares de la revolución cubana, en los tres meses considerados por Fidel Castro como los más difíciles de la gesta: diciembre de 1956 a febrero de 1857.

Uloženo v:
Podrobná bibliografie
Další autoři: Alvarez Tabío, Pedro (presentación) (presentación)
Médium: Kniha
Jazyk:španělština
Vydáno: La Habana, Cuba : Oficina de Publicaciones del Consejo de Estado, 1991, c1991
Témata:
Tagy: Přidat tag
Žádné tagy, Buďte první, kdo vytvoří štítek k tomuto záznamu!

MARC

LEADER 00000nam^a2200000^a^4500
001 000392654
005 20250521000000.0
009 20260310121247.984
037 |a Acervo ITESO - Biblioteca 
041 |a ESP 
082 |a 320. 97291063  |b DIA V. 1 
240 1 1 |a [Diario de guerra [Cuba] 
245 0 0 |a Diario de guerra :  |b diciembre de 1956-febrero de 1957 /  |c Presen. de P. Alvarez Tabío. 
264 4 |a La Habana, Cuba :  |b Oficina de Publicaciones del Consejo de Estado,  |c 1991, c1991 
300 |a 336 p. 
336 |a texto  |b txt  |2 rdacontenido 
337 |a sin mediación  |b n  |2 rdamedio 
338 |a volumen  |b nc  |2 rdasoporte 
520 |a Reporte de las actividades militares de la revolución cubana, en los tres meses considerados por Fidel Castro como los más difíciles de la gesta: diciembre de 1956 a febrero de 1857. 
649 |a XX 
650 |a Revolucionarios Cubanos 
650 |a Revolución -  |z Cuba -  |x Historia -  |y 1953-1959 -  |x Tema Principal 
650 |a Guerra y Paz -  |z Cuba -  |x Historia -  |y 1953-1959 
650 |a Política -  |z Cuba -  |x Historia -  |y 1953-1959 
650 |a Cuba -  |x Historia -  |y 1953-1959 
700 |a Alvarez Tabío, Pedro  |e (presentación) 
910 |a Fondo Carlos Núñez Hurtado 
920 |a Impresos - Libros 
930 |a Fondos Especiales 
905 |a 117 
901 |a 0500287481  |b IT2  |c ESP  |i D81115  |u 20250521 
902 |a https://opac.biblio.iteso.mx/vufind/Record/000392654